Capitals of the Modern Day Countries of the Roman Empire - Statistics

General Stats
  • This quiz has been taken 34 times
  • The average score is 42 of 50
Answers on the Map
Answers color-coded by a green-red scale on the quiz's map according to % correct below.
 
Answer Stats
Capital % Correct
Athens
100%
London
100%
Amsterdam
97%
Berlin
97%
Luxemburg
97%
Paris
97%
Rome
97%
Vienna
97%
Brussels
94%
Cairo
94%
Madrid
94%
Monaco
94%
San Marino
94%
Andorra la Vella
90%
Ankara
90%
Bern
90%
Jerusalem
90%
Algiers
87%
Lisbon
87%
Moscow
87%
Tripoli
87%
Tunis
87%
Vaduz
87%
Vatican City
87%
Baghdad
84%
Belgrade
84%
Tirana
84%
Bratislava
81%
Bucharest
81%
Budapest
81%
Kyiv
81%
Nicosia
81%
Sofia
81%
Valletta
81%
Damascus
77%
Pristina
77%
Sarajevo
77%
Skopje
77%
Beirut
74%
Podgorica
74%
Rabat
74%
Tehran
74%
Zagreb
74%
Amman
71%
Kuwait
71%
Baku
68%
Ljubljana
68%
Tbilisi
68%
Riyadh
65%
Yerevan
52%
No matching quizzes found
Score Distribution
Percent of People with Each Score
Percentile by Number Answered
Your Score History
You have not taken this quiz